Rozpoznaj Piłkarza Po Jego Karierze - Statystyki

Ogólne statystyki
  • Ten quiz został rozwiązany 172 razy
  • Średni wynik to 7 z 10
Statystyki odpowiedzi
Kariera Piłkarz % Poprawnych
Dynamo Zagrzeb> Zrinjski Mostar (wyp.)> Inter Zaprešić (wyp.)>Dynamo Zagrzeb>Tottenham>Real Madryt Modrić
88%
Bochum II>FC Nurnberg>Borussia Dortmund>Manchester City Gundogan
84%
Inter Mediolan>CR Vasco da Gama (wyp.)>Inter Mediolan> RCD Espanyol (wyp.)>Inter Mediolan>Liverpool>FC Barcelona> Bayern Monachium (wyp.) Coutinho
82%
Internacional>AS Roma>Liverpool Alisson
75%
Lumezzane>Inter Mediolan>Manchester City>A.C. Milan>Liverpool> A.C. Milan (wyp.)>OGC Nice>Olympique Marsylia>Brescia Balotelli
73%
Bayern Monachium>Bayer Leverkusen>Liverpool>Juventus>Borussia Dortmund (wyp.) Can
73%
Hellas Verona> Sambonifacese (wyp.)>Hellas Verona>SSC Napoli>Chelsea Jorginho
73%
Manchester United>Real Saragossa (wyp.)>Manchester United>FC Barcelona Pique
71%
EA Guingamp>FC Tours>Lorient>Arsenal>Giroundis Bordeaux Koscielny
62%
Lille B>Lille OSC>Liverpool>Lille OSC (wyp.)>Liverpool>VFL Wolfsburg (wyp.)>Liverpool Origi
42%
Nie znaleziono quizów pasujących do podanych kryteriów
Rozkład punktacji
Procent ludzi z każdym wynikiem
Percentyl według liczby udzielonych odpowiedzi
Twoja historia wyników
Nie rozwiązałeś tego quizu